| 000 | 01377nam a2200253 a 4500 | ||
|---|---|---|---|
| 005 | 20140310183620.0 | ||
| 008 | 121023s19uu xx 00 eng d | ||
| 020 | _a9780323025829 | ||
| 050 |
_aRS 57 _b.M33 2005 |
||
| 100 | _aMacklin, Denise | ||
| 245 |
_aMath for clinical practice / _cDenise Macklin, Cynthia Chernecky, Mother Helena Infortuna. |
||
| 260 |
_aSt. Louis, Mo : _bElsevier Mosby, _c2005. |
||
| 300 |
_a620 p. : _bill. col. ; _c29 cm. |
||
| 500 | _aIncludes index. Includes 2 CDs titled: Daugherty & Romans drug calculations student CD-ROM, version III and Answer key for Math for clinical practice | ||
| 520 | _a"Math for Clinical Practice helps you learn the mathematical principles that are important in the clinical setting and then allows you to apply them to real-world examples of drug calculations. In addition, hundreds of practice problems based on actual patient-care scenarios are available to help you reinforce your understanding of these principles."--BOOK JACKET. | ||
| 521 | _aNUR | ||
| 650 |
_aPharmaceutical arithmetic _xProblems, exercises, etc. |
||
| 650 |
_aClinical medicine _xMathematics _xProblems, exercises, etc. |
||
| 650 |
_aPharmaceutical Preparations _xAdministration & dosage _xProblems and Exercises |
||
| 700 | _aChernecky, Cynthia C. | ||
| 700 | _aHelena Infortuna, Mother | ||
| 942 |
_cBK _2lcc _kFOR |
||
| 999 |
_c25386 _d25386 |
||